[Event "OP-2013-0-03170"]
[Site "LSS email"]
[Date "2013.12.12"]
[Round "?"]
[White "Lauer, Frederic"]
[Black "Azeloglu, Batuhan"]
[Result "1-0"]
[WhiteElo "1231"]
[BlackElo "1100"]
[PlyCount "61"]
[EventDate "2013.12.10"]
[EventType "tourn (corr)"]
[EventRounds "4"]
[EventCountry "GER"]
[SourceTitle "Corr 2022"]
[Source "ChessBase"]
[SourceDate "2021.10.24"]
[SourceVersion "1"]
[SourceVersionDate "2021.10.24"]
[SourceQuality "1"]

1. d4 Nf6 2. c4 e6 3. g3 d5 4. Bg2 c5 5. cxd5 exd5 6. Nf3 Nc6 7. dxc5 Bxc5 8. 0-0 0-0 9. Bg5 Be6 10. Nc3 d4 11. Ne4 Be7 12. Bxf6 Bd5 13. Bxe7 Qxe7 14. Ned2 Rad8 15. Nb3 Bxf3 16. Bxf3 Qe5 17. Rc1 g6 18. Bxc6 bxc6 19. Rxc6 Qe4 20. Qc2 Qe5 21. Rc5 Qd6 22. Rd1 Qf6 23. Rc4 Rfe8 24. Rcxd4 Rxd4 25. Rxd4 Qe7 26. e3 Qf6 27. Qd2 Qe7 28. Rd7 Qf8 29. Rxa7 Ra8 30. Rxa8 Qxa8 31. a3 1-0

[Event "OP-2013-0-03170"]
[Site "LSS email"]
[Date "2013.12.12"]
[Round "?"]
[White "Lenz, Juergen"]
[Black "Azeloglu, Batuhan"]
[Result "1-0"]
[WhiteElo "1238"]
[BlackElo "1100"]
[PlyCount "73"]
[EventDate "2013.12.10"]
[EventType "tourn (corr)"]
[EventRounds "4"]
[EventCountry "GER"]
[SourceTitle "Corr 2022"]
[Source "ChessBase"]
[SourceDate "2021.10.24"]
[SourceVersion "1"]
[SourceVersionDate "2021.10.24"]
[SourceQuality "1"]

1. d4 Nf6 2. Bf4 e6 3. e3 d5 4. Bd3 Nc6 5. c3 Be7 6. Nf3 Bd7 7. h3 0-0 8. 0-0 h6 9. Nbd2 Bd6 10. Ne5 Qe7 11. Bh2 Bc8 12. f4 a6 13. Qf3 Bd7 14. g4 Ne8 15. e4 Nf6 16. Nxc6 Bxc6 17. e5 Rad8 18. exd6 Qxd6 19. f5 e5 20. dxe5 Qxe5 21. Bxe5 Nd7 22. Bxc7 Rde8 23. Bd6 d4 24. Be4 Bxe4 25. Nxe4 Ne5 26. Bxe5 Rxe5 27. cxd4 Ree8 28. f6 g6 29. Rfe1 Re6 30. g5 h5 31. Nc5 Rxe1+ 32. Rxe1 Rd8 33. Qxb7 Rf8 34. Nd7 Rd8 35. Re7 Kh7 36. Rxf7+ Kg8 37. Rg7+ 1-0